Introduction to commutative algebra / (Record no. 14541)

MARC details
000 -LEADER
fixed length control field 00834cam a2200265 4500
001 - CONTROL NUMBER
control field TB11972
003 - CONTROL NUMBER IDENTIFIER
control field IN-BhIIT
005 - DATE AND TIME OF LATEST TRANSACTION
control field 20250806181512.0
008 - FIXED-LENGTH DATA ELEMENTS--GENERAL INFORMATION
fixed length control field 690612s1969 mau b 001 0 eng
020 ## - INTERNATIONAL STANDARD BOOK NUMBER
ISBN 9781138329607 (HB)
040 ## - CATALOGING SOURCE
Original cataloging agency IN-BhIIT
041 ## - LANGUAGE CODE
Language code of text eng
082 00 - DEWEY DECIMAL CLASSIFICATION NUMBER
Classification number 512.44
Book number ATI/I
100 1# - MAIN ENTRY--AUTHOR NAME
Personal name Atiyah, Michael Francis
Relator term Author
245 10 - TITLE STATEMENT
Title Introduction to commutative algebra /
Statement of responsibility, etc by M. F. Atiyah and I. G. Macdonald.
260 ## - PUBLICATION, DISTRIBUTION, ETC. (IMPRINT)
Place of publication Reading, Mass. :
Name of publisher Addison-Wesley Pub. Co.,
Year of publication [1969].
300 ## - PHYSICAL DESCRIPTION
Number of Pages viii, 128 p.
Dimensions(size) 25 cm.
490 0# - SERIES STATEMENT
Series statement Addison-Wesley series in mathematics
504 ## - BIBLIOGRAPHY, ETC. NOTE
Bibliography, etc Bibliography: p. viii.
650 #0 - SUBJECT ADDED ENTRY--TOPICAL TERM
Topical Term Commutative algebra.
Topical Term Rings (Algebra)
Topical Term Commutative rings.
700 1# - ADDED ENTRY--PERSONAL NAME
Personal name Macdonald, I. G.
Relator term Joint author.
942 ## - ADDED ENTRY ELEMENTS (KOHA)
Koha item type Text Book
Koha issues (borrowed), all copies 4
Holdings
Withdrawn status Lost status Damaged status Not for loan Collection code Home library Current library Date acquired Source of acquisition Cost, normal purchase price Full call number Accession Number Cost, replacement price Price effective from Koha item type
Not withdrawn Not Lost not damaged   SBS Central Library, IIT Bhubaneswar Central Library, IIT Bhubaneswar 09/12/2024 51 596.25 512.44 ATI/I TB11972 795.00 09/12/2024 Text Book
Not withdrawn Not Lost not damaged   SBS Central Library, IIT Bhubaneswar Central Library, IIT Bhubaneswar 09/12/2024 51 596.25 512.44 ATI/I TB11971 795.00 09/12/2024 Text Book

Central Library, Indian Institute of Technology Bhubaneswar, 4th Floor, Administrative Building, Argul, Khordha, PIN-752050, Odisha, India
Phone: +91-674-7138750 | Email: circulation.library@iitbbs.ac.in (For circulation related queries),
Email: info.library@iitbbs.ac.in (For other queries)